| 000 | 00800nam a22001577a 4500 | ||
|---|---|---|---|
| 999 |
_c59613 _d59613 |
||
| 005 | 20230323100302.0 | ||
| 008 | 230323c2021 ge ||||| |||| 00| 0 geo d | ||
| 022 | _a1512-0481 | ||
| 041 | _ageo | ||
| 245 |
_aსაქართველოს უზენაესი სასამართლოს გადაწყვეტილებანი / _bადმინისტრაციულ საქმეებზე : [ყოველთვიური]. ზიანის ანაზღაურება. |
||
| 260 |
_aთბილისი, _c2000- |
||
| 300 | _av. | ||
| 653 | _aსაქართველოს უზენაესი სასამართლოს გადაწყვეტილებანი | ||
| 653 | _aპერიუდიკა | ||
| 942 |
_2udc _cCR |
||